000 00415nam a2200169Ia 4500
005 20250423100808.0
008 250422s9999 xx 000 0 und d
020 _a978-1-928357-03-2
050 _aKR 14.45 .C6/
100 _aCoertzen Pieter
245 0 _aReligious Freedom and Pluralism in Africa.
260 _bSunMedia
260 _c2016
300 _a472 p
650 _aReligious Freedom
942 _cBK
999 _c34364
_d34364